[Event "XVIII Open"]
[Site "Cappelle la Grande FRA"]
[Date "2002.02.13"]
[Round "5"]
[White "Eliet,N"]
[Black "Jaracz,P"]
[Result "1-0"]
[WhiteElo "2401"]
[BlackElo "2513"]

1.d4 Nf6 2.Bg5 e6 3.Nd2 h6 4.Bh4 c5 5.e3 d5 6.c3 Nc6 7.f4 Qb6 8.Rb1 Bd6 9.Nh3 Qc7
10.Qf3 b6 11.Bd3 Bb7 12.a3 Ne7 13.Nf2 Nd7 14.Qg4 g6 15.Bxe7 Kxe7 16.Nf3 Rag8
17.Ne5 g5 18.Qh5 Bxe5 19.fxe5 f5 20.g4 Nxe5 21.dxe5 d4 22.exd4 Bxh1 23.Nxh1 fxg4
24.Nf2 cxd4 25.cxd4 Rf8 26.Qg6 Qd7 27.Qg7+ Rf7 28.Qxh8 Qxd4 29.Rc1 Qxf2+
30.Kd1 Qg1+ 31.Kc2 Qd4 32.Rd1 Rf2+ 33.Rd2 Rxd2+ 34.Kxd2 Qxb2+ 35.Bc2 Qd4+
36.Ke2 Qc4+ 37.Bd3 Qa2+ 38.Ke3 Qxa3 39.Qf6+ Kd7 40.Qf7+ Qe7 41.Bb5+ Kd8 42.Qf6 h5
43.Ke4 h4 44.Ke3 Qxf6 45.exf6 a6 46.Bc6 b5 47.Ke4 g3 48.hxg3 hxg3 49.Kf3 b4
50.Ba4 e5 51.Kxg3 e4 52.Kg4 a5 53.Kxg5 b3 54.Bxb3 Kd7 55.Kg4 Kd6 56.Kg5 e3
57.Bc4 a4 58.Kg6  1-0

[Event "9th Open Metalis"]
[Site "Bizovac CRO"]
[Date "2002.02.23"]
[Round "5"]
[White "Kovacevic,B"]
[Black "Cebalo,M"]
[Result "1/2-1/2"]
[WhiteElo "2443"]
[BlackElo "2492"]

1.d4 Nf6 2.Bg5 e6 3.e3 h6 4.Bh4 c5 5.Nd2 cxd4 6.exd4 b6 7.Ngf3 Bb7 8.Bd3 Be7
9.Bxf6 Bxf6 10.Qe2 d6 11.O-O-O Nd7 12.Kb1 Qc7 13.Be4 Bxe4 14.Nxe4 Be7 15.d5 e5
16.g4 Rc8 17.Rd3 Nc5 18.Nxc5 bxc5 19.Nd2 O-O 20.c4 f5 21.gxf5 Rxf5 22.Ne4 Rf4
23.Rf3 Rcf8 24.Rxf4 Rxf4 25.f3 Qd7 26.Rd1 Qf5 27.Rd3 g5 28.Re3 h5 29.a3 a5
30.Ka2 Kf8 31.Ng3 Qg6 32.Re4 g4 33.fxg4 hxg4 34.Re3  1/2-1/2

[Event "9th Open Metalis"]
[Site "Bizovac CRO"]
[Date "2002.02.24"]
[Round "7"]
[White "Kovacevic,B"]
[Black "Rogulj,B"]
[Result "1/2-1/2"]
[WhiteElo "2443"]
[BlackElo "2452"]

1.d4 Nf6 2.Bg5 e6 3.e3 c5 4.Nd2 cxd4 5.exd4 b6 6.Ngf3 Be7 7.Bd3 Bb7 8.O-O O-O
9.Re1 d6 10.Bxf6 Bxf6 11.Be4 Qc7 12.Bxb7 Qxb7 13.Ne4 Be7 14.Qd2 Nd7 15.c4 Nf6
16.Nxf6+  1/2-1/2

[Event "Open"]
[Site "Cannes FRA"]
[Date "2002.02.26"]
[Round "3"]
[White "Claverie,C"]
[Black "Shchekachev,A"]
[Result "1-0"]
[WhiteElo "2363"]
[BlackElo "2573"]

1.d4 Nf6 2.Bg5 e6 3.e4 h6 4.Bxf6 Qxf6 5.Nc3 d6 6.Qd2 g5 7.O-O-O Bg7 8.Nf3 g4
9.Ne1 Nc6 10.Nb5 Qe7 11.d5 exd5 12.exd5 Ne5 13.Qa5 O-O 14.Qxc7 Bd7 15.Nxd6 Qf6
16.Kb1 b5 17.Ne4 Qf4 18.f3 Rac8 19.Qd6 gxf3 20.gxf3 Bg4 21.Rg1 Bxf3 22.Nxf3 Qxf3
23.Rxg7+ Kxg7 24.Qxe5+  1-0

[Event "ch-RUS Girls U20"]
[Site "Vladimir RUS"]
[Date "2002.03.01"]
[Round "1"]
[White "Hasanova,E"]
[Black "Zhevakina,A"]
[Result "1-0"]
[WhiteElo "2263"]
[BlackElo "2157"]

1.d4 Nf6 2.Bg5 e6 3.e4 Be7 4.e5 Nd5 5.Bxe7 Qxe7 6.c4 Nb6 7.Nc3 d6 8.Nf3 Nc6
9.exd6 Qxd6 10.c5 Qe7 11.cxb6 axb6 12.Be2 O-O 13.O-O Rd8 14.Qc2 Nxd4 15.Nxd4 Rxd4
16.Rad1 Rd7 17.Bf3 c6 18.a3 e5 19.Na4 Rxd1 20.Rxd1 Qc7 21.Qb3 b5 22.Nc5 g6
23.Qd3 Bf5 24.Qd6 Rc8 25.g4 Bc2 26.Qxc7 Rxc7 27.Rd7 Rxd7 28.Nxd7 Kg7 29.Nxe5 Kf6
30.Nd7+ Ke7 31.Nc5 b6 32.Na6 c5 33.Nc7 Ba4 34.Nd5+ Kd6 35.Nxb6 Bb3 36.Kf1 Be6
37.Ke1 c4 38.Kd2 Kc5 39.Na8 Bd7 40.Nc7  1-0

[Event "FSIMA March"]
[Site "Budapest HUN"]
[Date "2002.03.03"]
[Round "2"]
[White "Mensch,E"]
[Black "Eperjesi,L"]
[Result "1/2-1/2"]
[WhiteElo "2380"]
[BlackElo "2276"]

1.d4 Nf6 2.Bg5 e6 3.e3 Be7 4.Nd2 b6 5.Ngf3 Bb7 6.Bd3 c5 7.c3 cxd4 8.exd4 d6
9.O-O Nbd7 10.a4 a6 11.Re1 O-O 12.Nc4 Re8 13.Bf4 Nf8 14.h3 Bc6 15.Ncd2 b5
16.axb5 axb5 17.Qe2 Qb6 18.Qf1 Qb7 19.Rxa8 Rxa8 20.Ra1 Rxa1 21.Qxa1 Ng6 22.Bg5 Nd5
23.Bxe7 Ndxe7 24.Qa5 Qb8 25.Be4 h6 26.Bxc6 Nxc6 27.Qa6 Nge7 28.g3 Na7 29.Ne4 Nac8
30.Qa5 Nc6 31.Qa6 N6e7 32.Qa5 Nc6  1/2-1/2

[Event "Masters"]
[Site "Wroxham ENG"]
[Date "2002.03.14"]
[Round "8"]
[White "Buckley,M"]
[Black "Arakhamia,K"]
[Result "1/2-1/2"]
[WhiteElo "2147"]
[BlackElo "2410"]

1.d4 Nf6 2.Bg5 e6 3.e4 h6 4.Bxf6 Qxf6 5.c3 c5 6.Nf3 Nc6 7.d5 Ne5 8.Be2 Ng6
9.g3 e5 10.h4 Be7 11.Nbd2 Nf8 12.Nc4 d6 13.Ne3 g6 14.Qd2 Nd7 15.h5 Qg7 16.O-O-O a6
17.Nh2 Nf6 18.Qc2 b5 19.hxg6 fxg6 20.f4 c4 21.fxe5 dxe5 22.d6 Bd8 23.Nd5 Nxd5
24.Rxd5 Be6 25.Bg4 Bg5+ 26.Kb1 Bxd5 27.d7+ Kd8 28.exd5 Be7 29.d6 Bxd6 30.Qe4 Ra7
31.Rd1 Qf6 32.Rf1 Qe7 33.Qc6 Bc7 34.Be6 Rf8 35.Bh3 Rxf1+ 36.Nxf1 Qd6 37.Qf3 Qd3+
38.Qxd3 cxd3 39.Kc1 e4 40.Kd2 Ke7 41.Ke3 Bd6 42.Kxe4 d2 43.Nxd2 Bxg3 44.c4 bxc4
45.Nxc4 Rxd7 46.Bxd7 Kxd7 47.a4 Kc6 48.b4 Bc7 49.b5+ axb5 50.axb5+ Kxb5 51.Ne3 Kc6
52.Nf5  1/2-1/2

[Event "Spring Festival"]
[Site "Budapest HUN"]
[Date "2002.03.19"]
[Round "5"]
[White "Zalai,M"]
[Black "Hudecz,V"]
[Result "1-0"]
[WhiteElo "2152"]
[BlackElo "2206"]

1.d4 Nf6 2.Bg5 e6 3.c4 h6 4.Bh4 Be7 5.Nc3 d5 6.Nf3 b6 7.e3 O-O 8.Rc1 Bb7
9.Bxf6 Bxf6 10.cxd5 exd5 11.b4 a5 12.b5 c6 13.bxc6 Nxc6 14.Qb3 Ne7 15.Bd3 Rb8
16.O-O Bc6 17.Rc2 Qd7 18.Bb5 Rfc8 19.Rfc1 Bxb5 20.Nxb5 Nc6 21.h3 Bd8 22.a3 a4
23.Qxa4 Ra8 24.Qb3 Na5 25.Qb4 Rxc2 26.Rxc2 Be7 27.Qa4 Rc8 28.Ne5 Qe8 29.Rxc8 Qxc8
30.Qd1 Qe8 31.Qb1 f6 32.Nd3 Nc4 33.Qb3 Qd7 34.a4 g5 35.Nc3 Kg7 36.Qb5 Qxb5
37.Nxb5 Bd8 38.Nb4 Nb2 39.Nc3 Kf7 40.Nbxd5 Ke6 41.Nb4 Be7 42.Nc2 Kd6 43.Kf1 Kc6
44.Ke2 Kb7 45.e4 Ka6 46.e5 fxe5 47.dxe5 Ka5 48.Nd5 Bc5 49.Nce3 Kxa4 50.e6 b5
51.e7 Bxe7 52.Nxe7 b4 53.Ng8 Kb3 54.Nxh6 Kc3 55.Nf7 b3 56.Nxg5 Nd3 57.Ne4+ Kd4
58.Nf5+ Kxe4 59.f3+  1-0

[Event "Suetin Mem"]
[Site "Tula RUS"]
[Date "2002.03.23"]
[Round "1"]
[White "Elfert,A"]
[Black "Grigoriants,S RUS"]
[Result "1-0"]
[WhiteElo "2239"]
[BlackElo "2443"]

1.d4 Nf6 2.Bg5 e6 3.e4 h6 4.Bxf6 Qxf6 5.Nf3 b6 6.c3 Bb7 7.Nbd2 c5 8.Bd3 cxd4
9.e5 Qd8 10.cxd4 Nc6 11.O-O Be7 12.a3 O-O 13.Qe2 d6 14.Qe4 g6 15.Qg4 Kg7
16.Nc4 dxe5 17.Ncxe5 Nxe5 18.Nxe5 h5 19.Qg3 Bh4 20.Qe3 Qd5 21.f3 Qd6 22.Be4 Bd5
23.g4 Rad8 24.Rad1 hxg4 25.fxg4 Bxe4 26.Qxe4 Bg5 27.Rxf7+  1-0

[Event "ch-DEN"]
[Site "Greve DEN"]
[Date "2002.03.29"]
[Round "7"]
[White "Fries Nielsen,JO"]
[Black "Pedersen,NV"]
[Result "1/2-1/2"]
[WhiteElo "2454"]
[BlackElo "2441"]

1.d4 Nf6 2.Bg5 e6 3.Nc3 h6 4.Bh4 d5 5.e3 c5 6.Nf3 Nbd7 7.Bd3 Be7 8.O-O b6
9.Ne5 Nxe5 10.dxe5 Nd7 11.Bg3 h5 12.f4 h4 13.Bf2 Bb7 14.Qg4 g6 15.b3 a6 16.a4 Qc7
17.h3  1/2-1/2

[Event "Redbus KO"]
[Site "Southend ENG"]
[Date "2002.03.30"]
[Round "2.1"]
[White "Wells,P"]
[Black "Ward,C"]
[Result "1/2-1/2"]
[WhiteElo "2517"]
[BlackElo "2486"]

1.d4 Nf6 2.Bg5 e6 3.e4 h6 4.Bxf6 Qxf6 5.c3 d5 6.Nd2 c5 7.exd5 exd5 8.Bb5+ Bd7
9.Bxd7+ Nxd7 10.Ne2 O-O-O 11.Nf1 cxd4 12.Nxd4 Bc5 13.Ne3 Bxd4 14.cxd4 Qa6
15.b4 Nf6 16.Qe2  1/2-1/2

[Event "IDJM"]
[Site "Augsburg GER"]
[Date "2002.04.10"]
[Round "11"]
[White "Schenk,Andreas"]
[Black "Loetscher,R"]
[Result "1-0"]
[WhiteElo "2447"]
[BlackElo "2266"]

1.d4 Nf6 2.Bg5 e6 3.e4 h6 4.Bxf6 Qxf6 5.Nc3 Bb4 6.Qd2 b6 7.Nge2 Bb7 8.a3 Bxc3
9.Nxc3 O-O 10.O-O-O d6 11.f4 Qe7 12.h4 c5 13.d5 Rd8 14.g4 Nd7 15.g5 exd5
16.Nxd5 Bxd5 17.Qxd5 h5 18.Bc4 b5 19.Bxb5 Nb6 20.Qd3 d5 21.exd5 Nxd5 22.Rhe1 Qc7
23.f5 Qf4+ 24.Qd2 Qxh4 25.g6 Nc7 26.gxf7+ Kxf7 27.Bd7 Rab8 28.c3 Qc4 29.Qd6 Qa2
30.Re7+ Kg8 31.Rxg7+ Kxg7 32.Qe7+ Kh8 33.Qf6+ Kh7 34.Qg6+ Kh8 35.Qh6+ Kg8
36.Rg1+ Kf7 37.Qg7+  1-0

[Event "10th Hotel Opatija GM"]
[Site "Kastav CRO"]
[Date "2002.04.11"]
[Round "3"]
[White "Mukic,J"]
[Black "Rogulj,B"]
[Result "0-1"]
[WhiteElo "2379"]
[BlackElo "2452"]

1.d4 Nf6 2.Bg5 e6 3.e4 h6 4.Bxf6 Qxf6 5.c3 d5 6.e5 Qd8 7.Nf3 c5 8.a3 c4 9.Nbd2 Nc6
10.b3 cxb3 11.Qxb3 Be7 12.Bd3 Na5 13.Qa2 Bd7 14.O-O Rc8 15.Rac1 Ba4 16.g3 O-O
17.Ne1 f6 18.exf6 Bxf6 19.Nef3 Rc6 20.Qb1 Rb6 21.Qa2 Nb3 22.Nxb3 Bxb3 23.Qe2 Qd6
24.Nd2 Ba4 25.Rb1 Rxb1 26.Rxb1 b6 27.Qg4 Rc8 28.c4 Bd7 29.c5 bxc5 30.Rb7 c4
31.Bc2 Qc6 32.Rxa7 c3 33.Nb3 Rc7 34.Rxc7 Qxc7 35.Nc5 Bc8 36.Qg6 Kf8 37.Ba4 Qe7
38.Qh7 Bxd4 39.Qh8+ Kf7 40.Nb3 Bxf2+ 41.Kg2 Bd7 42.Bxd7 Qxd7 43.Kxf2 Qb7
44.Nc1 Qb6+ 45.Kf3 Qg1 46.Nd3 Qd1+ 47.Ke3 Qd2+ 48.Kd4 e5+ 49.Kxe5 Qxd3 50.Qc8 Qe4+
51.Kd6 c2  0-1

[Event "III Open"]
[Site "Dos Hermanas ESP"]
[Date "2002.04.12"]
[Round "8"]
[White "Rustemov,A"]
[Black "Vasilev,M"]
[Result "1-0"]
[WhiteElo "2607"]
[BlackElo "2419"]

1.d4 Nf6 2.Bg5 e6 3.e3 c5 4.Nd2 d5 5.c3 Nbd7 6.f4 Be7 7.Bd3 b6 8.Nh3 Bb7
9.O-O Qc7 10.Nf3 O-O-O 11.Ne5 Rdf8 12.Bb5 Nxe5 13.fxe5 Ne4 14.Bxe7 Qxe7 15.Bd3 f5
16.Nf4 g6 17.Qe2 c4 18.Bxe4 fxe4 19.Qg4 Rf5 20.Rf2 Bc6 21.Raf1 Be8 22.h4 Rhf8
23.Qh3 Kd7 24.g4 R5f7 25.Kg2 g5 26.hxg5 Qxg5 27.Kh1 Rg8 28.Rg2 Rg6 29.Kg1 Rh6
30.Qg3 Rg7 31.Kf2 Ke7 32.Rfg1 Rh4 33.Rh2 Rxh2+ 34.Qxh2 a5 35.Rg2 a4 36.Qh3 Bf7
37.Kg1 Be8 38.Kh2 Bg6 39.Qg3 Rf7 40.Kh3 Rg7 41.Qh4 Qxh4+ 42.Kxh4 Bf7 43.b3 cxb3
44.axb3 axb3 45.Rb2 Rg8 46.Rxb3 Rc8 47.Ne2 Rb8 48.Kg5 Be8 49.Ra3 Bd7 50.Kh6 Rg8
51.g5 Rg6+ 52.Kh5 Rg8 53.Nf4 b5 54.Kh6  1-0

[Event "III Open"]
[Site "Dos Hermanas ESP"]
[Date "2002.04.13"]
[Round "9"]
[White "Hernando Rodrigo,Jo"]
[Black "Rincon Bascon,J"]
[Result "1-0"]
[WhiteElo "2389"]
[BlackElo "2128"]

1.d4 Nf6 2.Bg5 e6 3.e4 Be7 4.e5 Nd5 5.Bxe7 Nxe7 6.Nf3 b6 7.Bd3 Bb7 8.Nc3 Nbc6
9.Qe2 Ng6 10.O-O-O Nf4 11.Qd2 Nxd3+ 12.Qxd3 Qe7 13.a3 O-O-O 14.d5 exd5 15.Nxd5 Qe6
16.Ng5 Qh6 17.Qg3 Kb8 18.Kb1 Qg6 19.e6 fxe6 20.Nxc7 e5 21.Nd5 h6 22.Nf3 Qxg3
23.hxg3 Rhf8 24.Rhe1 d6 25.Rd2 g5 26.g4 Rxf3 27.gxf3 Nd4 28.Re3 Bxd5 29.c3 Nxf3
30.Rxd5 Nh2 31.f3 Kc8 32.Rdd3 Rf8 33.Kc1 Kd7 34.Kd1 e4 35.Rxe4 Nxf3 36.Ke2 Ng1+
37.Ke3 Nh3 38.Ra4 a5 39.b4 Re8+ 40.Kf3 Ng1+ 41.Kf2 Ne2 42.bxa5 Nf4 43.Rd2 bxa5
44.Rxa5 Nh3+ 45.Kf1 Re4 46.Ra6 Rxg4 47.Rdxd6+ Ke7 48.Rxh6  1-0

[Event "XX Open"]
[Site "Metz FRA"]
[Date "2002.04.15"]
[Round "3"]
[White "Froehlich,P"]
[Black "Delchev,A"]
[Result "1/2-1/2"]
[WhiteElo "2433"]
[BlackElo "2591"]

1.d4 Nf6 2.Bg5 e6 3.e4 h6 4.Bxf6 Qxf6 5.Qd2 c5 6.e5 Qd8 7.d5 exd5 8.Qxd5 Nc6
9.Nc3 d6 10.Bb5 Qb6 11.exd6 Be6 12.Bxc6+ bxc6 13.Qe5 Bxd6 14.Qxd6 Rd8 15.Qe5 O-O
16.Nge2 Bc4 17.O-O Rfe8 18.Qh5 Rd2 19.Rfe1 Qxb2 20.Rab1 Qxc2 21.Rec1 Qg6
22.Qxg6 fxg6 23.Ng3 Bd3 24.Ra1 c4 25.Nf1 Rb2 26.Ne3 Rf8 27.f3 Re8 28.Ne4 Bxe4
29.Nxc4 Re2 30.fxe4 R8xe4 31.Rc3 Rg4 32.g3 h5 33.Rf1 Rxa2 34.Ne5 Rg5 35.Nxc6 h4
36.Rf2 Ra1+ 37.Kg2 hxg3 38.hxg3 Rh5 39.Nd4 Rhh1 40.Nf3 Rhc1 41.Rd3 Rc8 42.Ne5 Ra6
43.Rd7 Re6 44.Nd3 Re3 45.Rf4 g5 46.Rfd4 Rc2+ 47.Kh3 Rc3 48.Kg4 Kh7 49.R4d5 Rc4+
50.Kxg5  1/2-1/2

[Event "XX Open"]
[Site "Metz FRA"]
[Date "2002.04.17"]
[Round "5"]
[White "Mensch,E"]
[Black "Cosma,I"]
[Result "0-1"]
[WhiteElo "2380"]
[BlackElo "2461"]

1.d4 Nf6 2.Bg5 e6 3.e3 c5 4.Nd2 Nc6 5.c3 cxd4 6.exd4 Be7 7.Ngf3 O-O 8.Qc2 b6
9.Bd3 h6 10.Bxf6 Bxf6 11.g4 Bb7 12.h4 Rc8 13.Qa4 Be7 14.Ba6 Qc7 15.Bxb7 Qxb7
16.Qb5 Bd6 17.Rg1 Bf4 18.Qe2 Ne7 19.Kf1 b5 20.a3 a5 21.g5 b4 22.Ne4 bxc3
23.bxc3 h5 24.Ne1 g6 25.Nd3 Bh2 26.Rg2 Qc7 27.Rc1 Bd6 28.a4 Nf5 29.Nf6+ Kg7
30.Qe4 Ba3 31.Rc2 d5 32.Qf4 Qc4 33.Ra2 Nd6 34.Qf3 Qxc3 35.Kg1  0-1

[Event "City-ch w"]
[Site "St-Petersburg RUS"]
[Date "2002.04.21"]
[Round "6"]
[White "Bystryakova,E"]
[Black "Aseeva,M"]
[Result "0-1"]
[WhiteElo "2197"]
[BlackElo "2091"]

1.d4 Nf6 2.Bg5 e6 3.Nd2 c5 4.c3 Nc6 5.e3 cxd4 6.exd4 Be7 7.Bd3 b6 8.f4 h6
9.Bxf6 Bxf6 10.Ngf3 Bb7 11.O-O Qc7 12.Qe2 Qxf4 13.Ne4 Qc7 14.Nxf6+ gxf6 15.Nh4 Ne7
16.Rxf6 Nd5 17.Qf2 Rf8 18.Rxh6 Nf4 19.Bf1 Rg8 20.Nf3 O-O-O 21.Kh1 f5 22.a4 Rg7
23.h4 Rdg8 24.Ng5 Nd5 25.Rd1 Qd8 26.Be2 Nf6 27.Bf3 Ne4 28.Bxe4 fxe4 29.Qf6 Qxf6
30.Rxf6 Rh8 31.Nh3 Rxh4 32.Rf4 Rxh3+ 33.gxh3 e3+ 34.d5 e2 35.Re1 Bxd5+ 36.Kh2 Rg2+
37.Kh1 Rf2+ 38.Kg1 Rxf4 39.Rxe2 Rxa4  0-1

[Event "ch-URU"]
[Site "Montevideo URU"]
[Date "2002.05.07"]
[Round "2"]
[White "Granara Barreto,S"]
[Black "Valiente,C"]
[Result "1/2-1/2"]
[WhiteElo "2237"]
[BlackElo "2331"]

1.d4 Nf6 2.Bg5 e6 3.e4 h6 4.Bxf6 Qxf6 5.Nc3 Bb4 6.Qd2 c5 7.Nf3 Nc6 8.a3 Bxc3
9.bxc3 d6 10.Bb5 Bd7 11.O-O cxd4 12.cxd4 O-O 13.Rfe1 Rfd8 14.Rab1 b6 15.c4  1/2-1/2

[Event "Open"]
[Site "Pula CRO"]
[Date "2002.05.12"]
[Round "1"]
[White "Orenda,O"]
[Black "Feletar,D"]
[Result "0-1"]
[WhiteElo "2087"]
[BlackElo "2435"]

1.d4 Nf6 2.Bg5 e6 3.e4 h6 4.Bxf6 Qxf6 5.Qd2 d6 6.f4 e5 7.Nc3 c6 8.dxe5 dxe5
9.fxe5 Qxe5 10.Nf3 Qd6 11.O-O-O Qxd2+ 12.Nxd2 Bb4 13.Ne2 Bxd2+ 14.Rxd2 Nd7
15.Nf4 Ne5 16.Nd3 Nxd3+ 17.Bxd3 Be6 18.e5 Ke7 19.Rf1 Rad8 20.Rdf2 Rhf8 21.Rf4 Rd5
22.Rb4 b6 23.Be4 Rc5 24.Rd4 Rc8 25.Bf5 Rxe5 26.Bxe6 Rxe6 27.Rfd1 Rc7 28.b4 Re2
29.Rg4 g5 30.Rf1 Ke6 31.Kd1 Re5 32.Rd4 f5 33.Rd8 Rd7+ 34.Rxd7 Kxd7 35.c4 Ke6
36.Kd2 f4 37.Kd3 Kf5 38.a4 g4 39.Rf2 Re3+ 40.Kd4 Re4+ 41.Kd3 Ke5  0-1

[Event "IHEM"]
[Site "Hamburg GER"]
[Date "2002.05.18"]
[Round "1"]
[White "Reddmann,H"]
[Black "Meier,DG"]
[Result "1-0"]
[WhiteElo "2349"]
[BlackElo "2108"]

1.d4 Nf6 2.Bg5 e6 3.e4 h6 4.Bxf6 Qxf6 5.Nc3 Bb4 6.Qd2 d6 7.a3 Ba5 8.Nf3 a6
9.Rd1 O-O 10.Bc4 Qg6 11.b4 Bb6 12.O-O Nd7 13.e5 d5 14.Bd3 f5 15.exf6 Qxf6
16.Rde1 a5 17.Qe3 axb4 18.axb4 Nb8 19.Ne2 Nc6 20.c3 Ne7 21.Ne5 c6 22.Bb1 Bc7
23.f4 b6 24.Qd3 Qf5 25.Qd2 Qf6 26.Ng3 Ba6 27.Qc2 Nf5 28.Nd7 Qh4 29.Nxf8 Rxf8
30.Nxf5 exf5 31.g3 Qf6 32.Rf3 Bd6 33.Qa4 Bb5 34.Qa3 Qg6 35.Kg2 h5 36.Qa7 h4
37.Qd7 Rf6 38.Re8+ Bf8 39.Re5 Bd6 40.Rxf5 Bf8 41.Rxf6 h3+ 42.Qxh3  1-0

[Event "Open A"]
[Site "Ostrava CZE"]
[Date "2002.05.19"]
[Round "3"]
[White "Karhanek,P"]
[Black "Chlevistan,J"]
[Result "1-0"]
[WhiteElo "2136"]
[BlackElo "2054"]

1.d4 Nf6 2.Bg5 e6 3.Nd2 c5 4.e3 Be7 5.Bd3 b6 6.Ngf3 Bb7 7.O-O O-O 8.c3 d6
9.Qe2 Nbd7 10.Rfe1 e5 11.dxe5 dxe5 12.e4 Qc7 13.a4 Rfd8 14.Nc4 a6 15.Ne3 Nf8
16.Bxf6 Bxf6 17.c4 Ne6 18.Nd5 Bxd5 19.cxd5 Nf4 20.Qf1 Nxd3 21.Qxd3 c4 22.Qc3 Rac8
23.Rec1 Qc5 24.Kf1 b5 25.axb5 axb5 26.b3 Qb6 27.Rab1 Qa6 28.Ra1 Qb6 29.bxc4 Rxc4
30.Qd3 Rdc8 31.Rxc4 bxc4 32.Qc3 Be7 33.Rc1 Bb4 34.Qxe5 c3 35.Nd4 Qa6+ 36.Kg1 Ba3
37.Nf5  1-0

[Event "4th Borowski C"]
[Site "Essen GER"]
[Date "2002.05.22"]
[Round "6"]
[White "Heinzel,O"]
[Black "Klovans,J"]
[Result "0-1"]
[WhiteElo "2374"]
[BlackElo "2431"]

1.d4 Nf6 2.Bg5 e6 3.e4 h6 4.Bxf6 Qxf6 5.Nf3 d6 6.Nc3 Nc6 7.Bb5 a6 8.Bxc6+ bxc6
9.Qe2 Be7 10.e5 Qg6 11.O-O-O O-O 12.h4 Bb7 13.Rh3 Rfd8 14.Qe3 c5 15.d5 exd5
16.Nxd5 Bxd5 17.Rxd5 Qe6 18.Rd3 Qxa2 19.Ra3 Qc4 20.Nd2 Qd5 21.exd6 Qxg2 22.Kb1 Bxd6
23.Ra4 Re8 24.Qd3 Rad8 25.Nb3 c4 26.Rxc4 Be5  0-1

[Event "Spring"]
[Site "Tel Aviv ISR"]
[Date "2002.05.22"]
[Round "4"]
[White "Deutsch,E"]
[Black "Porat,S"]
[Result "1-0"]
[WhiteElo "2224"]
[BlackElo "2382"]

1.d4 Nf6 2.Bg5 e6 3.e3 c5 4.Nd2 d5 5.c3 Be7 6.Bd3 b6 7.f4 Bb7 8.Ngf3 Nbd7
9.O-O O-O 10.Ne5 Ne8 11.Nxd7 Qxd7 12.Qh5 g6 13.Qg4 Ng7 14.Nf3 f6 15.Bh4 Bc6
16.Rfe1 a5 17.dxc5 bxc5 18.Rad1 Qb7 19.Rd2 Bd6 20.c4 Qb4 21.a3 Qb3 22.Rc1 Rae8
23.Bf2 Qb7 24.Ne1 Qc7 25.b4 axb4 26.axb4 Qb6 27.bxc5 Bxc5 28.Qe2 Rd8 29.cxd5 Bxd5
30.Rxc5 Qxc5 31.e4 Qc1 32.exd5 Rxd5 33.g3 Rfd8 34.Rc2 Qa3 35.Be4 Rd1 36.Kg2 Qd6
37.Nf3 Nf5 38.Rc6 Qd7 39.Ra6 Rc1 40.Bc2 Qd5 41.Rb6 Qa2 42.Rc6 Rd6 43.Rc8+ Kf7
44.Qb5 Kg7 45.Qb7+ Kh6 46.Rc7  1-0

[Event "TCh-BIH"]
[Site "Neum BIH"]
[Date "2002.06.05"]
[Round "6"]
[White "Kosic,D"]
[Black "Cekro,E"]
[Result "1/2-1/2"]
[WhiteElo "2537"]
[BlackElo "2419"]

1.d4 Nf6 2.Bg5 e6 3.Nf3 b6 4.e3 Bb7 5.Bd3 h6 6.Bh4 Be7 7.O-O d6 8.Bxf6 Bxf6
9.Nbd2 g6 10.c3 O-O 11.a4 a6 12.Re1 Bg7 13.b4 Nd7 14.Qb3 Qe7 15.e4 Rfb8 16.Rab1 a5
17.Nc4 axb4 18.cxb4 d5 19.Ncd2 Qd8 20.exd5 Bxd5 21.Bc4 Nf6 22.Ne5 b5 23.axb5  1/2-1/2

[Event "FSGM June"]
[Site "Budapest HUN"]
[Date "2002.06.09"]
[Round "9"]
[White "Sahovic,D"]
[Black "Bakre,T"]
[Result "1-0"]
[WhiteElo "2371"]
[BlackElo "2458"]

1.d4 Nf6 2.Bg5 e6 3.e4 h6 4.Bxf6 Qxf6 5.Nf3 d6 6.Nc3 a6 7.Bd3 Nd7 8.Qe2 c5
9.e5 Qd8 10.exd6 Bxd6 11.d5 Nf6 12.O-O-O O-O 13.dxe6 Bxe6 14.Ne4 Bf4+ 15.Kb1 Re8
16.Bc4 Bd7 17.Nxf6+ Qxf6 18.Qf1 Rad8 19.Bd5 b5 20.g3 Bc7 21.h3 Bf5 22.Nh4 Bh7
23.f4 Re3 24.Qf2 Qe7 25.Bf3 Re8 26.Ng2 Re6 27.g4 Be4 28.f5 Re5 29.a3 Ba5
30.Nf4 Bxf3 31.Qxf3 Re3 32.Qc6 Qe4 33.Nd5 Re2 34.Qxc5 Rd8 35.Rhf1 Qe8 36.f6 g5
37.b4 Kh8 38.bxa5 Rc8 39.Qd4 Rcxc2 40.Nb4 Rb2+ 41.Qxb2 Rxb2+ 42.Kxb2 Qe5+
43.Kb3 Qe2 44.Rd8+ Kh7  1-0

[Event "Open"]
[Site "Lido Estensi ITA"]
[Date "2002.06.13"]
[Round "6"]
[White "Brumen,D"]
[Black "Happel,H"]
[Result "0-1"]
[WhiteElo "2408"]
[BlackElo "2255"]

1.d4 Nf6 2.Bg5 e6 3.e4 d5 4.e5 h6 5.Bh4 g5 6.Bg3 Ne4 7.Nd2 Nxg3 8.hxg3 Rg8
9.Bd3 Nc6 10.c3 Bd7 11.Ne2 Qe7 12.b4 O-O-O 13.Nb3 Nb8 14.a4 f6 15.f4 gxf4
16.gxf4 Rxg2 17.b5 Qg7 18.a5 fxe5 19.fxe5 Be7 20.Kd2 Rf8 21.b6 cxb6 22.axb6 Qg5+
23.Kc2 a6 24.Na5 Rff2 25.Kb3 Qe3 26.Ra2 Bd8 27.c4 Bxb6 28.cxd5 Bxa5 29.Qc1+ Qxc1
30.Rxc1+ Bc7 31.Rac2 Nc6 32.dxc6 Bxc6 33.Bxa6 Kd8 34.Bc4 Ke7 35.Kb4 Bb6 36.Bd3 h5
37.Rxc6 bxc6 38.Rxc6 Rxe2  0-1

[Event "1st Women's Masters"]
[Site "Belfort FRA"]
[Date "2002.07.03"]
[Round "6"]
[White "Roumegous,M"]
[Black "Nepeina Leconte,M"]
[Result "0-1"]
[WhiteElo "2220"]
[BlackElo "2308"]

1.d4 Nf6 2.Bg5 e6 3.Nd2 h6 4.Bh4 d6 5.e4 Nbd7 6.c4 c5 7.d5 e5 8.f3 Be7 9.Bf2 Nh5
10.g3 O-O 11.Be2 g6 12.h4 f5 13.Nh3 f4 14.gxf4 exf4 15.e5 Nxe5 16.Ne4 Ng3
17.Nxg3 fxg3 18.Bxg3 Bxh4 19.Bxh4 Qxh4+ 20.Nf2 Qg3 21.Qd2 Nxf3+ 22.Bxf3 Qxf3
23.Qe2 Qxe2+ 24.Kxe2 Kg7 25.Rag1 Bd7 26.Rh2 b5 27.Kd2 Rae8 28.b3 Rf4 29.Rhg2 g5
30.cxb5 Bxb5 31.Nh3 Rd4+ 32.Kc1 Rxd5 33.Nf4 Rf5 34.Nh5+ Kg6 35.Ng3 Rfe5 36.Kd2 d5
37.a4 Ba6 38.Rh2 d4 39.Rgh1 Rh8 40.Rc1 h5 41.b4 h4 42.bxc5 hxg3 43.Rxh8 Re2+  0-1

[Event "Dutch Open"]
[Site "Dieren NED"]
[Date "2002.07.09"]
[Round "1"]
[White "Fairbairn,S"]
[Black "Van Beek,L"]
[Result "0-1"]
[WhiteElo "2103"]
[BlackElo "2348"]

1.d4 Nf6 2.Bg5 e6 3.e4 h6 4.Bxf6 Qxf6 5.Nc3 Bb4 6.Qd2 Nc6 7.O-O-O e5 8.Nf3 Nxd4
9.Nxd4 exd4 10.Qxd4 Qxd4 11.Rxd4 Bxc3 12.bxc3 d6 13.Bb5+ Ke7 14.Re1 Be6 15.Kb2 c5
16.Rd2 c4 17.f4 f6 18.e5 fxe5 19.fxe5 d5 20.Re3 a6 21.Rg3 g5 22.h4 g4  0-1

[Event "XX Open"]
[Site "Andorra la Vella AND"]
[Date "2002.07.10"]
[Round "5"]
[White "Rodriguez Gonzalez,J"]
[Black "Vehi Bach,V"]
[Result "1/2-1/2"]
[WhiteElo "2069"]
[BlackElo "2460"]

1.d4 Nf6 2.Bg5 e6 3.e4 h6 4.Bxf6 Qxf6 5.c3 d6 6.Bd3 g6 7.Ne2 e5 8.O-O Bg7
9.f4 exd4 10.cxd4 Bg4 11.e5 dxe5 12.dxe5 Qb6+ 13.Kh1 Nc6 14.Nbc3 O-O-O 15.Qb1 Qe3
16.Bb5 Nb4 17.Ng3 Nd3 18.Qc2 a6 19.Bc4 g5 20.Nd5 Rxd5 21.Bxd5 gxf4 22.Qb3 c6
23.Bxc6 bxc6 24.Qa4 Qb6 25.Qe4 Bxe5 26.Qxd3 fxg3 27.Qe4 Qd4 28.Qxc6+ Kb8
29.Rxf7 Bc8 30.Re1 Rd8 31.Rf3 Bb7 32.Rb3 Rd7 33.Rxb7+ Rxb7 34.Qe8+ Ka7 35.Qxe5 Qxe5
36.Rxe5 Rxb2 37.hxg3 Rxa2 38.Re7+ Kb6 39.Re6+ Kb5 40.Rxh6 a5 41.Rh8 Rd2 42.Ra8 a4
43.Kh2 Kb4 44.g4 Rd5 45.Rb8+ Kc3 46.Ra8 Kb4  1/2-1/2

[Event "Dutch Open"]
[Site "Dieren NED"]
[Date "2002.07.11"]
[Round "3"]
[White "Fairbairn,S"]
[Black "Geirnaert,S"]
[Result "0-1"]
[WhiteElo "2103"]
[BlackElo "2160"]

1.d4 Nf6 2.Bg5 e6 3.e4 h6 4.Bxf6 Qxf6 5.Nc3 Bb4 6.Qd2 Nc6 7.Rd1 d6 8.a3 Ba5
9.f4 g5 10.fxg5 hxg5 11.Nh3 g4 12.Nf4 g3 13.h3 Bb6 14.Bb5 Bd7 15.Bxc6 bxc6
16.Rf1 Qh4 17.Na4 O-O-O 18.Nxb6+ cxb6 19.Qe3 e5 20.dxe5 dxe5 21.Ne2 Rdf8
22.Rf3 Rhg8 23.Ng1 f5 24.exf5 Bxf5 25.Rd2 Be4 26.Rxf8+ Rxf8 27.Re2 Rf4 28.Nf3 Bxf3
29.gxf3 g2+ 30.Kd2 Rxf3 31.Qxe5 Qd8+  0-1

[Event "Dutch Open"]
[Site "Dieren NED"]
[Date "2002.07.12"]
[Round "4"]
[White "Algera,S"]
[Black "Michielsen,J"]
[Result "1-0"]
[WhiteElo "2057"]
[BlackElo "2163"]

1.d4 Nf6 2.Bg5 e6 3.e3 b6 4.Nf3 Bb7 5.Nbd2 c5 6.c3 Be7 7.Bd3 O-O 8.Qc2 d6
9.Bxf6 Bxf6 10.Bxh7+ Kh8 11.Bd3 cxd4 12.exd4 e5 13.dxe5 dxe5 14.O-O-O Nd7
15.Ne4 Nc5 16.Nxc5 bxc5 17.Ba6 Qb6 18.Bxb7 Qxb7 19.h4 e4 20.Ng5 Rfe8 21.Rde1 Bxg5+
22.hxg5+ Kg8 23.Rh4 Qd5 24.Rhxe4 Red8 25.f4 Qxa2 26.Qa4 Qd5 27.Re8+ Rxe8
28.Rxe8+ Rxe8 29.Qxe8+ Kh7 30.Qe2 a5 31.Qh5+ Kg8 32.Qf3 Qe6 33.f5 Qe7 34.f6 Qe5
35.Qg4 Kh7 36.Qh5+ Kg8 37.fxg7 Kxg7 38.Qh6+ Kg8 39.g6 Qe1+ 40.Kc2 Qe4+ 41.Kb3 fxg6
42.Qg5 Qe6+ 43.Ka3 a4 44.Qd8+ Kg7 45.Qc7+ Kg8 46.Qb8+ Kg7 47.Qa7+ Kh6 48.Qxa4 Qd5
49.Qh4+ Kg7 50.Qe7+ Kh6 51.Qf8+ Kg5 52.Qf3 Qe5 53.b4 cxb4+ 54.Kxb4 Qd6+ 55.Kb5 Qb8+
56.Kc5 Qa7+ 57.Kd6 Qb8+ 58.Kc5 Qa7+ 59.Kc4 Qa6+ 60.Kd4 Qb6+ 61.Kd3 Qd6+ 62.Ke2 Qa6+
63.Qd3 Qa1 64.c4 Kf6 65.Qd6+ Kf5 66.Qd5+ Kf4 67.c5 Kg3 68.Qd3+ Kh2 69.Qh3+ Kg1
70.Qe3+ Kh2 71.Qf4+ Kg1 72.Qf2+ Kh2 73.g3+  1-0